The ninth nugget / (Record no. 598)

MARC details
000 -LEADER
fixed length control field 01141cam a2200313 a 4500
005 - DATE AND TIME OF LATEST TRANSACTION
control field 20250808143727.0
020 ## - INTERNATIONAL STANDARD BOOK NUMBER
International Standard Book Number 037580269X (trade )
020 ## - INTERNATIONAL STANDARD BOOK NUMBER
International Standard Book Number 0375902694 (lib. bdg.)
040 ## - CATALOGING SOURCE
Original cataloging agency DLC
Transcribing agency DLC
Modifying agency DLC
Language of cataloging eng
050 00 - LIBRARY OF CONGRESS CALL NUMBER
Classification number PZ7.R8139
Item number Nk 2001
082 00 - DEWEY DECIMAL CLASSIFICATION NUMBER
Classification number [Fic]
Edition number 21
100 1# - MAIN ENTRY--PERSONAL NAME
Personal name Roy, Ron,
Dates associated with a name 1940-
245 14 - TITLE STATEMENT
Title The ninth nugget /
Statement of responsibility, etc. by Ron Roy ; illustrated by John Steven Gurney.
260 ## - PUBLICATION, DISTRIBUTION, ETC.
Place of publication, distribution, etc. New York :
Name of publisher, distributor, etc. Scholastic,
Date of publication, distribution, etc. 2001.
300 ## - PHYSICAL DESCRIPTION
Extent 86 pages :
Other physical details illustrations ;
Dimensions 21 cm.
490 1# - SERIES STATEMENT
Series statement A to Z mysteries
500 ## - GENERAL NOTE
General note "A stepping stone book."
505 ## - FORMATTED CONTENTS NOTE
Formatted contents note K
520 ## - SUMMARY, ETC.
Summary, etc. When Dink, Josh, and Ruth Rose visit a dude ranch in Montana, they find themselves with another mystery to solve, this one involving the theft of money from the ranch's safe and of a large gold nugget that Josh had found.
521 ## - TARGET AUDIENCE NOTE
Target audience note 610 <br/>
Source Lexile
521 ## - TARGET AUDIENCE NOTE
Target audience note K <br/>
Source Raz-Plus
650 #1 - SUBJECT ADDED ENTRY--TOPICAL TERM
Topical term or geographic name entry element Dude ranches
Form subdivision Fiction.
650 #1 - SUBJECT ADDED ENTRY--TOPICAL TERM
Topical term or geographic name entry element Robbers and outlaws
Form subdivision Fiction.
650 #1 - SUBJECT ADDED ENTRY--TOPICAL TERM
Topical term or geographic name entry element Mystery and detective stories.
700 1# - ADDED ENTRY--PERSONAL NAME
Personal name Gurney, John Steven,
Dates associated with a name 1962-
Relator term ill.
906 ## - LOCAL DATA ELEMENT F, LDF (RLIN)
a 7
b cbc
c orignew
d 1
e ocip
f 20
g y-gencatlg
942 ## - ADDED ENTRY ELEMENTS (KOHA)
Source of classification or shelving scheme Dewey Decimal Classification
Koha item type Books
Suppress in OPAC No
999 ## -
-- 598
-- 598
Holdings
Withdrawn status Lost status Source of classification or shelving scheme Damaged status Not for loan Collection Home library Current library Shelving location Date acquired Total Checkouts Full call number Barcode Date last seen Date last checked out Copy number Price effective from Koha item type
    Dewey Decimal Classification     Juvenile Fiction Footprints International School Library Network Toul Kork Campus Footprints International School Library Network Toul Kork Campus TK Primary Library Room(4th Floor), Bookcase 3&4, Shelves 17-32, Yellow Books 06/26/2023 1 ROY Fic PZ7.R8139 FISTK05473 09/21/2023 09/14/2023 1 06/26/2023 Books
    Dewey Decimal Classification     Juvenile Fiction Footprints International School Library Network Toul Kork Campus Footprints International School Library Network Toul Kork Campus TK Primary Library Room(4th Floor), Bookcase 3&4, Shelves 17-32, Yellow Books 06/26/2023 1 ROY Fic PZ7.R8139 FISTK04699 12/07/2023 09/05/2023 2 06/26/2023 Books
    Dewey Decimal Classification     Juvenile Fiction Footprints International School Library Network Toul Tom Poung Campus Footprints International School Library Network Toul Tom Poung Campus TTP Primary Yellow Bookshelves 08/08/2025   ROY Fic PZ7.R8139 FISSE00887 08/08/2025   3 08/08/2025 Books